| 000 | 00560nam a22002057a 4500 | ||
|---|---|---|---|
| 003 | OSt | ||
| 005 | 20140317131201.0 | ||
| 008 | 131022t xxu||||| |||| 00| 0 eng d | ||
| 020 | _a0394820371 | ||
| 050 |
_aPZ 7 _b.J98Ph 1961 |
||
| 100 |
_aJuster, Norton _930253 |
||
| 245 |
_aThe phantom tollbooth / _cNorton Juster. |
||
| 260 |
_aNew York : _b Epstein & Carroll; distributed by Random House, _c2005. |
||
| 300 |
_a255 p. : _bill. ; _c24 cm. |
||
| 521 | _aG9 | ||
| 526 | _c1000 | ||
| 700 |
_aJuster, Norton _930254 |
||
| 942 |
_2lcc _cBK |
||
| 999 |
_c35133 _d35133 |
||